[Event "TCh-SVK Extraliga 2011-12"]
[Site "Slovakia SVK"]
[Date "2012.02.12"]
[Round "8.1"]
[White "Bokros,A"]
[Black "Bures,J"]
[Result "1-0"]
[WhiteTitle "IM"]
[WhiteElo "2452"]
[BlackElo "2415"]
[WhiteTeam "SK Dunajska Streda"]
[BlackTeam "SKS Dubnica n/V"]
[WhiteFideId "710458"]
[BlackFideId "322890"]
[EventDate "2011.10.22"]

1. e4 c6 2. d4 d5 3. e5 Bf5 4. Nf3 e6 5. Be2 c5 6. Be3 cxd4 7. Nxd4 Ne7 8. Nd2
Nbc6 9. f4 Nxd4 10. Bxd4 Nc6 11. Nf3 a6 12. c3 Be4 13. Be3 Be7 14. O-O O-O 15.
Bd3 Bxd3 16. Qxd3 Qc7 17. Rae1 g6 18. Kh1 Rfe8 19. g4 Bf8 20. h4 Qa5 21. a3 Qa4
22. h5 Bg7 23. hxg6 fxg6 24. Rf2 Rf8 25. Ng5 Rfe8 26. Rh2 h6 27. Rxh6 Bxh6 28.
Qxg6+ Bg7 29. Qf7+ Kh8 30. Kg2 Qc2+ 31. Kg3 1-0

[Event "TCh-SVK Extraliga 2011-12"]
[Site "Slovakia SVK"]
[Date "2012.02.12"]
[Round "8.2"]
[White "Vojtek,V"]
[Black "Rachela,M"]
[Result "1-0"]
[WhiteTitle "FM"]
[BlackTitle "IM"]
[WhiteElo "2311"]
[BlackElo "2375"]
[WhiteTeam "SKS Dubnica n/V"]
[BlackTeam "SK Dunajska Streda"]
[WhiteFideId "14901919"]
[BlackFideId "14903180"]
[EventDate "2011.10.22"]

1. e4 e5 2. Nf3 Nc6 3. Bb5 a6 4. Ba4 Nge7 5. c3 d6 6. d4 Bd7 7. Bb3 h6 8. Nbd2
Ng6 9. Nf1 Be7 10. Ng3 Bg5 11. Bxg5 hxg5 12. Qd2 Nf4 13. O-O-O Qf6 14. dxe5 Nxe5
15. Nxe5 Qxe5 16. f3 Be6 17. Bxe6 fxe6 18. Nf1 O-O-O 19. Ne3 Kb8 20. Kb1 Ng6 21.
Ng4 Qf4 22. Qd4 Rd7 23. Rhf1 Rhd8 24. Qd2 Kc8 25. Kc2 Rh8 26. Qd4 Qf7 27. Qd2
Qe7 28. Qe3 Re8 29. Rd2 c6 30. Rfd1 d5 31. Qb6 Red8 32. Qe3 e5 33. exd5 cxd5 34.
Re1 Re8 35. Qb6 Qf7 36. a3 Re6 37. Qa7 Qf5+ 38. Kb3 Rc6 39. Ka2 Kc7 40. Rde2 e4
41. Qd4 Nf4 42. Rd2 Nd3 43. Red1 Qe6 44. Rxd3 exd3 45. Rxd3 Re7 46. Ne3 Kb8 47.
Nxd5 Rd7 48. c4 Qe2 49. Re3 Qxc4+ 50. Qxc4 Rxc4 51. Nb6 Rdc7 52. Re8+ Ka7 53.
Nxc4 Rxc4 54. Kb3 Rf4 55. Re5 g4 56. Re4 1-0

[Event "TCh-SVK Extraliga 2011-12"]
[Site "Slovakia SVK"]
[Date "2012.02.12"]
[Round "8.3"]
[White "Petenyi,T"]
[Black "Kovacik,E"]
[Result "1-0"]
[WhiteTitle "FM"]
[WhiteElo "2347"]
[BlackElo "2222"]
[WhiteTeam "SK Dunajska Streda"]
[BlackTeam "SKS Dubnica n/V"]
[WhiteFideId "14909090"]
[BlackFideId "14902788"]
[EventDate "2011.10.22"]

1. e4 e6 2. d4 d5 3. Nd2 c5 4. Ngf3 cxd4 5. exd5 Qxd5 6. Bc4 Qd6 7. O-O Nf6 8.
Nb3 Nc6 9. Nbxd4 Nxd4 10. Nxd4 a6 11. Bb3 Qc7 12. Re1 Bd7 13. Qf3 Bd6 14. Nf5
Bxh2+ 15. Kh1 O-O-O 16. Ne7+ Kb8 17. g3 Qc5 18. Kxh2 Qxe7 19. Bf4+ Ka8 20. Bc7
Rc8 21. Be5 h5 22. Kg1 h4 23. g4 Bc6 24. Qf4 h3 25. Kh2 Rh4 26. Rg1 Nd7 27. Bd4
Bg2 28. Rae1 g5 29. Qg3 Nc5 30. f3 Nxb3 31. cxb3 Rc2 32. Rc1 Rxc1 33. Rxc1 Qd8
34. Bb6 Qb8 35. Bc7 Qh8 36. Rd1 Qxb2 37. Rd8+ Ka7 38. Bb8+ Kb6 39. Qc7+ 1-0

[Event "TCh-SVK Extraliga 2011-12"]
[Site "Slovakia SVK"]
[Date "2012.02.12"]
[Round "8.4"]
[White "Borik,J"]
[Black "Csonka,A1"]
[Result "0-1"]
[BlackTitle "IM"]
[WhiteElo "2198"]
[BlackElo "2380"]
[WhiteTeam "SKS Dubnica n/V"]
[BlackTeam "SK Dunajska Streda"]
[WhiteFideId "14901196"]
[BlackFideId "716529"]
[EventDate "2011.10.22"]

1. c4 e5 2. Nc3 Nf6 3. Nf3 Nc6 4. g3 d5 5. cxd5 Nxd5 6. Bg2 Nb6 7. O-O Be7 8. a3
O-O 9. b4 Be6 10. Rb1 f6 11. d3 a5 12. b5 Nd4 13. Nd2 Qc8 14. e3 Nf5 15. Qc2 a4
16. Rd1 Rd8 17. Nce4 Qd7 18. Bf1 Ra5 19. Nc5 Bxc5 20. Qxc5 Nd6 21. d4 exd4 22.
Qxd4 Bf5 23. Nc4 Bxb1 24. Nxa5 Ba2 25. Qh4 Qf7 26. Bg2 Qe8 27. Bb2 Qxb5 28. Bc3
Nd5 29. Qd4 Nxc3 30. Qxc3 c6 31. Bf1 Qh5 32. Rd4 Bd5 33. Bg2 Nb5 34. Rxd5 Qd1+
35. Bf1 Nxc3 36. Rxd1 Rxd1 37. Nxb7 Ne4 38. Kg2 Rd2 39. Bc4+ Kf8 40. Kf3 Nxf2
41. Na5 Nh3 42. g4 Ng5+ 43. Kg3 Rc2 44. h4 Ne4+ 45. Kf4 Nd6 0-1

[Event "TCh-SVK Extraliga 2011-12"]
[Site "Slovakia SVK"]
[Date "2012.02.12"]
[Round "8.5"]
[White "Varga,Dav"]
[Black "Bombek,P"]
[Result "1-0"]
[WhiteTitle "FM"]
[BlackTitle "FM"]
[WhiteElo "2355"]
[BlackElo "2179"]
[WhiteTeam "SK Dunajska Streda"]
[BlackTeam "SKS Dubnica n/V"]
[WhiteFideId "14911515"]
[BlackFideId "14902230"]
[EventDate "2011.10.22"]

1. e4 c6 2. d4 d5 3. exd5 cxd5 4. c4 Nf6 5. Nc3 Nc6 6. Nf3 Bg4 7. cxd5 Nxd5 8.
Qb3 Bxf3 9. gxf3 e6 10. Qxb7 Nxd4 11. Bb5+ Nxb5 12. Qxb5+ Qd7 13. Nxd5 exd5 14.
Qxd7+ Kxd7 15. Be3 Bb4+ 16. Ke2 Rhc8 17. Rac1 a6 18. Kd3 Bd6 19. Bd4 g6 20. Rcg1
Bc5 21. Rg4 Rab8 22. b3 Rb6 23. Rf4 f5 24. Rc1 Kd6 25. b4 Rxb4 26. Be5+ Kd7 27.
Rxc5 Rxf4 28. Rxc8 Rxf3+ 29. Ke2 Rxf2+ 30. Kxf2 Kxc8 31. Ke3 Kd7 32. Kd4 g5 33.
Kxd5 f4 34. Bd4 h5 35. Ke5 f3 36. Kf5 g4 37. Kg5 Ke6 38. Kxh5 Kf5 39. Kh4 Kf4
40. Bf2 Kf5 41. Kg3 Kg5 42. Bb6 Kf5 43. Bd8 Ke4 44. Bh4 Kf5 45. a3 1-0

[Event "TCh-SVK Extraliga 2011-12"]
[Site "Slovakia SVK"]
[Date "2012.02.12"]
[Round "8.6"]
[White "Veres,An"]
[Black "Szegi,T"]
[Result "1/2-1/2"]
[WhiteElo "2174"]
[BlackElo "2246"]
[WhiteTeam "SKS Dubnica n/V"]
[BlackTeam "SK Dunajska Streda"]
[WhiteFideId "14906074"]
[BlackFideId "14905809"]
[EventDate "2011.10.22"]

1. d4 Nf6 2. Nf3 g6 3. c4 Bg7 4. Nc3 d5 5. Bg5 Ne4 6. cxd5 Nxc3 7. bxc3 Qxd5 8.
Qb3 Be6 9. Qxd5 Bxd5 10. e3 c5 11. Bd3 cxd4 12. cxd4 Nc6 13. O-O f5 14. Rfc1 O-O
15. Rab1 h6 16. Bf4 g5 17. Be5 Nxe5 18. Nxe5 Bxe5 19. dxe5 e6 20. Bc4 Bxc4 21.
Rxc4 Rfc8 22. Rbc1 Rxc4 23. Rxc4 Rf8 24. g3 Kg7 25. h3 Rf7 26. Rc8 Rd7 27. Re8
Kf7 28. Rh8 Kg7 29. Re8 Kf7 30. Rh8 Kg7 1/2-1/2

[Event "TCh-SVK Extraliga 2011-12"]
[Site "Slovakia SVK"]
[Date "2012.02.12"]
[Round "8.7"]
[White "Bezuch,M"]
[Black "Podoba,M"]
[Result "1-0"]
[WhiteElo "2210"]
[BlackElo "2157"]
[WhiteTeam "SK Dunajska Streda"]
[BlackTeam "SKS Dubnica n/V"]
[WhiteFideId "14906333"]
[BlackFideId "14902524"]
[EventDate "2011.10.22"]

1. e4 d5 2. exd5 Qxd5 3. Nc3 Qa5 4. Bc4 Nf6 5. d3 Bg4 6. f3 Bf5 7. g4 Bg6 8. h4
h6 9. Bd2 Qb6 10. Nh3 e6 11. Nf4 Bd6 12. Na4 Qd4 13. Ne2 1-0

[Event "TCh-SVK Extraliga 2011-12"]
[Site "Slovakia SVK"]
[Date "2012.02.12"]
[Round "8.8"]
[White "Orgon,D"]
[Black "Takacs,Las"]
[Result "0-1"]
[WhiteElo "2107"]
[BlackElo "1976"]
[WhiteTeam "SKS Dubnica n/V"]
[BlackTeam "SK Dunajska Streda"]
[WhiteFideId "14902443"]
[BlackFideId "14918854"]
[EventDate "2011.10.22"]

1. d4 Nf6 2. Nf3 g6 3. Nc3 d5 4. Bf4 c6 5. e3 Bg7 6. Be2 O-O 7. Ne5 Nbd7 8. h4
Nxe5 9. dxe5 Nd7 10. Qd4 e6 11. h5 c5 12. Qd3 Nxe5 13. Bxe5 Bxe5 14. hxg6 fxg6
15. f4 c4 16. Qd2 Bg7 17. O-O-O Qa5 18. g4 b5 19. Bf3 b4 20. Nxd5 c3 21. Ne7+
Kf7 22. Kb1 cxd2 23. Nc6 Qc5 24. Rxh7 Qxe3 25. Rdh1 Qe1+ 26. Bd1 Bb7 27. Ne5+
Kg8 0-1

[Event "TCh-SVK Extraliga 2011-12"]
[Site "Slovakia SVK"]
[Date "2012.02.12"]
[Round "8.1"]
[White "Jurcik,Mari"]
[Black "Pacher,M"]
[Result "1/2-1/2"]
[WhiteTitle "IM"]
[BlackTitle "IM"]
[WhiteElo "2474"]
[BlackElo "2403"]
[WhiteTeam "SK Caissa Cadca"]
[BlackTeam "SK Doprastav Bratislava"]
[WhiteFideId "14907518"]
[BlackFideId "14907445"]
[EventDate "2011.10.22"]

1. c4 Nf6 2. Nc3 g6 3. e4 d6 4. d4 Bg7 5. Nf3 O-O 6. Be2 e5 7. O-O Nc6 8. Be3
Ng4 9. Bg5 f6 10. Bc1 Nxd4 11. Nxd4 exd4 12. Nb5 f5 13. exf5 gxf5 14. h3 Ne5 15.
Nxd4 f4 16. Qb3 Kh8 17. Nf3 Qe8 18. Re1 Qg6 19. Nxe5 dxe5 20. Bd3 Bf5 21. Bxf5
Rxf5 22. Qxb7 Rg8 23. Qe4 Bf6 24. Kf1 Rg5 25. g4 Qh6 26. Qf3 Qh4 27. Bd2 h5 28.
Bc3 hxg4 29. hxg4 Qh7 30. Qe4 Rxg4 31. Qxh7+ Kxh7 32. Ke2 Kg6 33. Kf3 Kf5 34.
Rad1 c6 35. Rd6 e4+ 36. Rxe4 Bxc3 37. bxc3 Rg3+ 38. fxg3 Rxg3+ 39. Kf2 Kxe4 40.
Re6+ Kf5 41. Rxc6 Rxc3 42. Ra6 Rxc4 43. Rxa7 Rc2+ 1/2-1/2

[Event "TCh-SVK Extraliga 2011-12"]
[Site "Slovakia SVK"]
[Date "2012.02.12"]
[Round "8.2"]
[White "Likavsky,T"]
[Black "Rojicek,V"]
[Result "0-1"]
[WhiteTitle "GM"]
[BlackTitle "IM"]
[WhiteElo "2486"]
[BlackElo "2406"]
[WhiteTeam "SK Doprastav Bratislava"]
[BlackTeam "SK Caissa Cadca"]
[WhiteFideId "14900483"]
[BlackFideId "319902"]
[EventDate "2011.10.22"]

1. d4 d5 2. c4 c6 3. Nf3 Nf6 4. e3 Bf5 5. Nc3 e6 6. Nh4 Bg6 7. Nxg6 hxg6 8. Bd3
Nbd7 9. O-O Bd6 10. h3 e5 11. Qb3 e4 12. Be2 dxc4 13. Bxc4 O-O 14. Qxb7 Rb8 15.
Qxa7 Rb4 16. Be2 Re8 17. a3 Bb8 18. Qa6 Qc7 19. g3 Rb7 20. b4 Re6 21. Qa5 Qd6
22. Bd2 Ra7 23. Qg5 Re8 24. h4 Qe6 25. Kg2 Bd6 26. Rh1 Nf8 27. h5 N8h7 28. Qh4
g5 29. Qh3 g4 30. Qh4 Be7 31. b5 cxb5 32. Nxb5 Rb7 33. Bb4 Bxb4 34. axb4 Reb8
35. Ra5 Qd7 36. Nc3 Rxb4 37. Rha1 Rb3 38. Ra8 Qc8 39. Rxb8 Rxb8 40. Rc1 Qf5 41.
Nd1 Rc8 42. Rxc8+ Qxc8 43. Qh1 Ng5 44. Qe1 Qf5 45. Qb4 Nf3 46. Qb5 Nd5 47. Kf1
Qxh5 48. Qe8+ Kh7 49. Bxf3 exf3 50. Ke1 Nf6 51. Qa4 Qh1+ 52. Kd2 Ne4+ 53. Kc1
Qe1 54. Qc2 f5 55. Kb2 Kg6 56. Qc6+ Kg5 57. Qc2 Qb4+ 58. Qb3 Qd2+ 59. Qc2 Qe1
60. Kb3 Nxg3 61. fxg3 Qxg3 62. Qd2 Qb8+ 63. Kc2 g3 64. d5 g2 65. Qf2 Qh2 0-1

[Event "TCh-SVK Extraliga 2011-12"]
[Site "Slovakia SVK"]
[Date "2012.02.12"]
[Round "8.4"]
[White "Borosova,Z"]
[Black "Straka,Joz"]
[Result "0-1"]
[WhiteTitle "WIM"]
[WhiteElo "2284"]
[BlackElo "1993"]
[WhiteTeam "SK Doprastav Bratislava"]
[BlackTeam "SK Caissa Cadca"]
[WhiteFideId "14905779"]
[BlackFideId "14912490"]
[EventDate "2011.10.22"]

1. e4 e5 2. Bc4 Nc6 3. Nf3 Bc5 4. c3 Nf6 5. d3 a6 6. Bb3 d6 7. Nbd2 O-O 8. O-O
Ba7 9. Nc4 h6 10. h3 Be6 11. Re1 Re8 12. Ne3 d5 13. exd5 Nxd5 14. Nc4 f6 15. a3
Qd7 16. Bc2 Rad8 17. d4 Nxc3 18. Qd3 e4 19. Qxc3 exf3 20. Qd3 Nxd4 21. Qh7+ Kf8
22. Bd3 Ne2+ 23. Bxe2 Bf5 24. Qh8+ Kf7 25. Ne5+ fxe5 26. Bc4+ Kg6 0-1

[Event "TCh-SVK Extraliga 2011-12"]
[Site "Slovakia SVK"]
[Date "2012.02.12"]
[Round "8.5"]
[White "Lisko,F"]
[Black "Smolen,J"]
[Result "0-1"]
[WhiteTitle "FM"]
[WhiteElo "2311"]
[BlackElo "2377"]
[WhiteTeam "SK Caissa Cadca"]
[BlackTeam "SK Doprastav Bratislava"]
[WhiteFideId "14900157"]
[BlackFideId "14906287"]
[EventDate "2011.10.22"]

1. d4 d5 2. c4 e6 3. Nc3 c6 4. e4 dxe4 5. Nxe4 Bb4+ 6. Bd2 Qxd4 7. Bxb4 Qxe4+ 8.
Be2 Na6 9. Ba5 b6 10. Qd6 Bd7 11. Bc3 f6 12. Nf3 Ne7 13. Rd1 Rd8 14. Qa3 Bc8 15.
Rxd8+ Kxd8 16. Kd2 c5 17. Bd3 Qf4+ 18. Kc2 Nc6 19. Kb1 Kc7 20. Qa4 Nab4 21. Bc2
Qxc4 22. Nd2 Qe2 23. Be4 Ba6 24. Rc1 Bd3+ 25. Bxd3 Qxd3+ 26. Ka1 Nd5 27. Ne4 Rd8
28. a3 Kb7 29. Be1 Nd4 30. Nc3 Nxc3 31. Rxc3 Qe4 32. Rc1 Qxg2 33. b4 Qd5 34. Kb2
c4 35. Rd1 e5 36. Bc3 Rc8 37. Rd2 Rd8 38. Qd1 Qd7 39. f4 Qd6 40. fxe5 fxe5 41.
Qg4 Rd7 42. Qe4+ Qd5 43. Qxh7 Qc6 44. Qg8 Rc7 45. Ka2 Qf3 46. Kb2 Ne2 47. Qd5+
Qxd5 48. Rxd5 Nf4 49. Rd8 Nd3+ 50. Kc2 Kc6 51. Kd2 Rd7 52. b5+ Kd6 53. Rc8 Kd5
54. Ke3 Nc5 55. Re8 Ne6 56. a4 Nd4 57. Rh8 Nf5+ 58. Kf3 Nd6 59. Rh5 Rf7+ 60. Ke2
Nf5 61. Rh3 Ke4 62. Kd2 Rd7+ 63. Kc2 Rd3 64. Rxd3 cxd3+ 65. Kd2 Nd4 66. Bb4 Nf3+
67. Kd1 Kd5 68. h3 e4 69. Bc3 g6 0-1

[Event "TCh-SVK Extraliga 2011-12"]
[Site "Slovakia SVK"]
[Date "2012.02.12"]
[Round "8.2"]
[White "Ftacnik,L"]
[Black "Manik,M"]
[Result "1/2-1/2"]
[WhiteTitle "GM"]
[BlackTitle "GM"]
[WhiteElo "2570"]
[BlackElo "2405"]
[WhiteTeam "SK Slovan Bratislava"]
[BlackTeam "INBEST Dunajov"]
[WhiteFideId "14900017"]
[BlackFideId "14900734"]
[EventDate "2011.10.22"]

1. Nf3 Nf6 2. c4 g6 3. Nc3 Bg7 4. e4 d6 5. d4 O-O 6. Be2 e5 7. O-O exd4 8. Nxd4
Re8 9. f3 c6 10. Kh1 Nbd7 11. Bg5 Qb6 12. Nb3 a5 13. Qd2 a4 14. Be3 Qd8 15. Nd4
Nh5 16. g4 Nhf6 17. Rad1 h5 18. g5 Nh7 19. f4 Nc5 20. Bf3 Bg4 21. Qg2 Qa5 1/2-1/2

[Event "TCh-SVK Extraliga 2011-12"]
[Site "Slovakia SVK"]
[Date "2012.02.12"]
[Round "8.3"]
[White "Rigo,Z"]
[Black "Papp,Ga"]
[Result "0-1"]
[WhiteTitle "IM"]
[BlackTitle "GM"]
[WhiteElo "2384"]
[BlackElo "2551"]
[WhiteTeam "INBEST Dunajov"]
[BlackTeam "SK Slovan Bratislava"]
[WhiteFideId "14903172"]
[BlackFideId "718602"]
[EventDate "2011.10.22"]

1. c4 Nf6 2. Nc3 e6 3. Nf3 d5 4. d4 Be7 5. Bg5 h6 6. Bh4 O-O 7. e3 Ne4 8. Bxe7
Qxe7 9. cxd5 Nxc3 10. bxc3 exd5 11. Qb3 Rd8 12. c4 Be6 13. cxd5 Bxd5 14. Bc4
Bxf3 15. gxf3 Nc6 16. Qxb7 Nxd4 17. O-O Rab8 18. Qe4 Qxe4 19. fxe4 Nf3+ 20. Kg2
Nd2 21. Rfc1 Nxe4 22. Rc2 Rb6 23. Bb3 c5 24. f3 Rd2+ 25. Rxd2 Nxd2 26. Bd5 c4
27. Kg3 Rb2 28. e4 g5 29. f4 Kg7 30. h4 gxh4+ 31. Kxh4 c3 32. Rc1 c2 33. e5 Nb1
34. Bb3 Na3 35. f5 Rb1 36. f6+ Kf8 37. e6 fxe6 0-1

[Event "TCh-SVK Extraliga 2011-12"]
[Site "Slovakia SVK"]
[Date "2012.02.12"]
[Round "8.4"]
[White "Stohl,I"]
[Black "Kantorik,M"]
[Result "1-0"]
[WhiteTitle "GM"]
[BlackTitle "IM"]
[WhiteElo "2524"]
[BlackElo "2320"]
[WhiteTeam "SK Slovan Bratislava"]
[BlackTeam "INBEST Dunajov"]
[WhiteFideId "14900025"]
[BlackFideId "14900513"]
[EventDate "2011.10.22"]

1. c4 e5 2. g3 Nf6 3. Bg2 d5 4. cxd5 Nxd5 5. Nf3 Nc6 6. O-O Be7 7. d3 O-O 8. a3
Be6 9. b4 f6 10. Bb2 Qe8 11. Nbd2 a5 12. b5 Nb8 13. d4 Qxb5 14. Rb1 exd4 15.
Nxd4 Qd7 16. Nxe6 Qxe6 17. Qb3 c6 18. e4 Nc7 19. Qxb7 Nba6 20. e5 fxe5 21. Qxc6
Qxc6 22. Bxc6 Rad8 23. Nc4 Bc5 24. Bxe5 Ne6 25. Rb7 Rf7 26. Nxa5 Bxa3 27. Rxf7
Kxf7 28. Ra1 Bd6 29. Bxd6 Rxd6 30. Nc4 Rd4 31. Rxa6 Rxc4 32. Bd5 Rc1+ 33. Kg2
Re1 34. f4 Ke7 35. Kf2 Nc7 36. Rc6 Rd1 37. Rxc7+ Kd6 38. Bf3 1-0

[Event "TCh-SVK Extraliga 2011-12"]
[Site "Slovakia SVK"]
[Date "2012.02.12"]
[Round "8.5"]
[White "Gazik,I"]
[Black "Banas,J"]
[Result "1/2-1/2"]
[WhiteTitle "IM"]
[BlackTitle "IM"]
[WhiteElo "2328"]
[BlackElo "2318"]
[WhiteTeam "INBEST Dunajov"]
[BlackTeam "SK Slovan Bratislava"]
[WhiteFideId "14900149"]
[BlackFideId "14900076"]
[EventDate "2011.10.22"]

1. d4 Nf6 2. Nf3 g6 3. Nc3 Bg7 4. Bf4 c5 5. dxc5 Qa5 6. Qd2 Qxc5 7. e4 d6 8.
O-O-O Nc6 9. Kb1 Be6 10. Ng5 Bd7 11. Be3 Qa5 12. Bc4 Ne5 13. Bb3 Rc8 14. f4 Nc4
15. Bxc4 Rxc4 16. e5 dxe5 17. Nge4 Be6 18. Nxf6+ Bxf6 19. Ne4 Qxd2 20. Nxf6+
exf6 21. Rxd2 O-O 22. fxe5 fxe5 23. b3 Rc6 24. Bxa7 b6 25. Rhd1 Bf5 26. Ka1 Bxc2
27. Rd6 Rxd6 28. Rxd6 Ra8 29. Bxb6 Bxb3 30. Rd8+ Rxd8 31. Bxd8 Bd5 32. Bf6 Bxg2
33. Bxe5 Kf8 34. Kb2 Ke7 35. Kc3 Ke6 36. Kd4 Bc6 37. Bc7 g5 38. Bd8 h6 39. h4
Kf5 40. hxg5 hxg5 41. Ke3 Kg4 42. Bf6 Kf5 43. Bd8 f6 44. Kf2 Kg6 45. Kg3 Ba4 46.
Ba5 Bd1 47. Bc3 Kf5 48. Bb2 Ke6 49. Bc3 f5 50. Bd2 1/2-1/2

[Event "TCh-SVK Extraliga 2011-12"]
[Site "Slovakia SVK"]
[Date "2012.02.12"]
[Round "8.6"]
[White "Pagerka,M"]
[Black "Palecek,P"]
[Result "0-1"]
[WhiteElo "2200"]
[BlackElo "2227"]
[WhiteTeam "SK Slovan Bratislava"]
[BlackTeam "INBEST Dunajov"]
[WhiteFideId "14911230"]
[BlackFideId "14901773"]
[EventDate "2011.10.22"]

1. e4 e5 2. Nf3 Nc6 3. Bb5 a6 4. Ba4 Nf6 5. O-O Be7 6. Re1 b5 7. Bb3 d6 8. c3
O-O 9. h3 Na5 10. Bc2 c5 11. d4 Qc7 12. d5 Ne8 13. b3 Nb7 14. a4 Rb8 15. Qe2 Nd8
16. Bd3 Bd7 17. axb5 axb5 18. Na3 Qb7 19. Ra2 g6 20. Bh6 Ng7 21. Rea1 f5 22. c4
fxe4 23. Bxe4 b4 24. Nb5 Bxb5 25. Ra7 Bd7 26. Rxb7 Rxb7 27. Ra8 Nf7 28. Rxf8+
Bxf8 29. Bxg7 Kxg7 30. Qa2 Be7 31. Qa8 Rc7 32. Qb8 Rc8 33. Qa7 Rd8 34. h4 Kf8
35. h5 Bf5 36. Bxf5 gxf5 37. Qa1 Bf6 38. Nd2 Kg7 39. g4 e4 40. h6+ Nxh6 41. Qa7+
Nf7 42. gxf5 Re8 43. Nf1 Re7 44. Qb8 Be5 45. Ne3 h5 46. Qc8 Bf6 47. Qb8 Re5 48.
Qc8 Bg5 49. f6+ Kxf6 50. Nf5 e3 51. Nxd6 e2 52. Qf8 e1=Q+ 53. Kg2 Re7 0-1

[Event "TCh-SVK Extraliga 2011-12"]
[Site "Slovakia SVK"]
[Date "2012.02.12"]
[Round "8.7"]
[White "Gazik,Viktor"]
[Black "Petran,Pe"]
[Result "1/2-1/2"]
[WhiteTitle "FM"]
[BlackTitle "IM"]
[WhiteElo "1977"]
[BlackElo "2297"]
[WhiteTeam "INBEST Dunajov"]
[BlackTeam "SK Slovan Bratislava"]
[WhiteFideId "14928752"]
[BlackFideId "14900114"]
[EventDate "2011.10.22"]

1. e4 c6 2. d3 d5 3. Nd2 g6 4. Ngf3 Bg7 5. g3 e5 6. Bg2 Ne7 7. O-O O-O 8. Qe2 d4
9. h3 f6 10. Ne1 Be6 11. f4 Qd7 12. Kh2 c5 13. Nef3 Nbc6 14. Nh4 exf4 15. gxf4
g5 16. Nhf3 gxf4 17. Nb3 Qd6 18. Kh1 Ng6 19. Qf2 Nce5 20. Ne1 Bh6 21. Nd2 Rad8
22. b3 b5 23. Rg1 Kh8 24. Ndf3 Qd7 25. Kh2 c4 26. Ba3 Rg8 27. Bc5 cxd3 28. cxd3
Nxf3+ 29. Nxf3 Ne5 30. Rad1 Nxf3+ 31. Qxf3 Rg3 32. Qh5 Qg7 33. Bf3 Bg5 34. Rxg3
fxg3+ 35. Kg2 Qc7 36. b4 a5 37. a3 axb4 38. axb4 Qf4 39. Re1 Qd2+ 40. Re2 Qxd3
41. e5 Qg6 42. Qxg6 hxg6 43. exf6 Bc4 44. Be7 Rc8 45. Re4 Be3 46. Kxg3 Kg8 47.
Bg4 Ra8 48. Bc5 Kf7 49. Bf3 Ra3 50. Bxd4 Bxd4 51. Rxd4 Kxf6 52. Kf4 g5+ 53. Ke4
Bf1 54. Rd6+ Ke7 55. Rd5 Rb3 56. Rxg5 Rxb4+ 57. Ke3 Bxh3 58. Be2 Bd7 59. Bxb5
Bxb5 60. Kd2 Bd7 61. Kc3 Ra4 62. Rg6 Be6 63. Rg5 Kd6 64. Rb5 Bd5 65. Rb4 Ra1 66.
Kd4 Rd1+ 67. Ke3 Ke5 68. Rh4 Re1+ 69. Kd2 Ra1 70. Kc3 Ra3+ 71. Kb4 Rb3+ 72. Kc5
Rc3+ 73. Kb5 Kd6 74. Rh6+ Be6 75. Rh4 Rb3+ 76. Rb4 Rh3 77. Rd4+ Bd5 78. Rg4 Ra3
79. Rh4 Bc6+ 80. Kb6 Rb3+ 81. Ka5 Kc5 82. Rh5+ Bd5 83. Rh4 Ra3+ 84. Ra4 Rh3 85.
Rg4 Rh8 86. Rg6 Rb8 87. Rh6 Rb5+ 88. Ka4 Rb2 89. Rh3 Rg2 90. Rc3+ Bc4 91. Rh3
Ra2+ 92. Ra3 Rb2 93. Rh3 Rc2 94. Rh5+ Bd5 95. Rh3 Rg2 96. Rc3+ Bc4 97. Rh3 Rb2
98. Rh5+ Bd5 99. Rh3 Rc2 100. Rg3 Rh2 101. Rc3+ Bc4 102. Rg3 Rh6 103. Ka3 Ra6+
104. Kb2 Ra2+ 105. Kc1 Kb4 106. Kb1 Rf2 107. Kc1 Bb3 108. Rg4+ Ka3 109. Rg3 Rc2+ 1/2-1/2

[Event "TCh-SVK Extraliga 2011-12"]
[Site "Slovakia SVK"]
[Date "2012.02.12"]
[Round "8.8"]
[White "Havlicek,L1"]
[Black "Magat,Jozef"]
[Result "0-1"]
[WhiteElo "2172"]
[BlackElo "2069"]
[WhiteTeam "SK Caissa Cadca"]
[BlackTeam "INBEST Dunajov"]
[WhiteFideId "14907135"]
[BlackFideId "14903962"]
[EventDate "2011.10.22"]

1. d4 Nf6 2. Nf3 g6 3. g3 b6 4. Bg2 Bb7 5. c4 Bg7 6. Nc3 O-O 7. Qc2 d6 8. O-O
Nbd7 9. Rd1 c6 10. b3 Qc7 11. Ba3 0-1

[Event "TCh-BEL 2011-12"]
[Site "Belgium BEL"]
[Date "2012.02.12"]
[Round "8.1"]
[White "Roeder,M"]
[Black "Istratescu,A"]
[Result "1/2-1/2"]
[WhiteTitle "IM"]
[BlackTitle "GM"]
[WhiteElo "2398"]
[BlackElo "2650"]
[WhiteTeam "Eynatten 1"]
[BlackTeam "Charleroi"]
[WhiteFideId "4600223"]
[BlackFideId "1200372"]
[EventDate "2011.10.09"]

1. Nf3 c5 2. c4 Nc6 3. d4 cxd4 4. Nxd4 Nf6 5. Nc3 e6 6. Ndb5 d5 7. Bf4 e5 8.
cxd5 exf4 9. dxc6 bxc6 10. Qxd8+ Kxd8 11. O-O-O+ Bd7 12. Nd6 Bxd6 13. Rxd6 Kc7
14. Rd4 g5 15. g3 fxg3 16. hxg3 h5 17. Bg2 Be6 18. Ra4 a5 19. Bh3 Bxh3 20. Rxh3
Nd5 21. Nxd5+ cxd5 22. Kd2 Kb6 23. Ra3 f6 24. Rf3 Raf8 25. Rf5 Kc6 26. f4 gxf4
27. Rxf4 Kd6 28. Rf5 Rb8 29. b3 Ke6 30. Rhxh5 Rxh5 31. Rxh5 a4 32. Kc3 axb3 33.
axb3 Rg8 34. Rh3 Rg4 35. e3 Re4 36. Kd3 Rb4 37. Kc3 Re4 38. Kd3 Rb4 39. Kc3 1/2-1/2

[Event "TCh-BEL 2011-12"]
[Site "Belgium BEL"]
[Date "2012.02.12"]
[Round "8.2"]
[White "Bauer,Ch"]
[Black "Hammes,M"]
[Result "1-0"]
[WhiteTitle "GM"]
[BlackTitle "IM"]
[WhiteElo "2631"]
[BlackElo "2393"]
[WhiteTeam "Charleroi"]
[BlackTeam "Eynatten 1"]
[WhiteFideId "603767"]
[BlackFideId "4619358"]
[EventDate "2011.10.09"]

1. d4 e6 2. Nf3 Nf6 3. Bf4 d5 4. e3 Bd6 5. Bg3 Ne4 6. Nbd2 Nxg3 7. hxg3 Nd7 8.
c3 e5 9. dxe5 Nxe5 10. Nxe5 Bxe5 11. Nf3 Bf6 12. Qc2 g6 13. O-O-O c6 14. e4 Qa5
15. exd5 cxd5 16. Qb3 Be6 17. Bb5+ Kf8 18. Nd4 Rd8 19. Be2 Bc8 20. Kb1 Kg7 21.
g4 Rd6 22. Qc2 h6 23. Qd2 Rdd8 24. Rh3 Qc7 25. f4 Qc5 26. Rd3 b6 27. Ka1 a5 28.
Bf3 a4 29. Nc2 Be6 30. a3 Qc4 31. Ne3 Qc8 32. Nxd5 Bxd5 33. Rxd5 Qc7 34. g5 Be7
35. Qd4+ 1-0